Eastern Utah Libraries Catalog: Duchesne, Heber, Roosevelt, & Vernal

Dog day afternoon (Record no. 43724)

MARC details
000 -LEADER
fixed length control field 02268cgm a2200577Ia 4500
003 - CONTROL NUMBER IDENTIFIER
control field OCoLC
005 - DATE AND TIME OF LATEST TRANSACTION
control field 20241220120028.0
007 - PHYSICAL DESCRIPTION FIXED FIELD--GENERAL INFORMATION
fixed length control field vd cvaizu
008 - FIXED-LENGTH DATA ELEMENTS--GENERAL INFORMATION
fixed length control field 980923p19971995cau248 vleng d
001 - CONTROL NUMBER
control field ocm39916415
020 ## - INTERNATIONAL STANDARD BOOK NUMBER
International Standard Book Number 079073348X
020 ## - INTERNATIONAL STANDARD BOOK NUMBER
International Standard Book Number 9780790733487
024 10 - OTHER STANDARD IDENTIFIER
Standard number or code 012569102422
035 ## - SYSTEM CONTROL NUMBER
System control number (Sirsi) i9780790733487
035 ## - SYSTEM CONTROL NUMBER
System control number (OCoLC)39916415
040 ## - CATALOGING SOURCE
Original cataloging agency JCD
Transcribing agency JCD
Modifying agency OCL
-- OCLCQ
-- BTCTA
-- UINTA
041 1# - LANGUAGE CODE
Language code of text/sound track or separate title eng
Language code of summary or abstract/overprinted title or subtitle eng
-- fre
-- spa
043 ## - GEOGRAPHIC AREA CODE
Geographic area code n-us-ny
049 ## - LOCAL HOLDINGS (OCLC)
Holding library UCLB
082 04 - DEWEY DECIMAL CLASSIFICATION NUMBER
Classification number 791.43/72
Edition number 22
090 ## - LOCALLY ASSIGNED LC-TYPE CALL NUMBER (OCLC); LOCAL CALL NUMBER (OCLC)
Classification number (OCLC) (R) ; Classification number, CALL (RLIN) (NR) PN1997
Local cutter number (OCLC) ; Book number/undivided call number, CALL (RLIN) .D6186 1997
092 ## - LOCALLY ASSIGNED DEWEY CALL NUMBER (OCLC)
Classification number 791.437
245 00 - TITLE STATEMENT
Title Dog day afternoon
Medium [videorecording] /
Statement of responsibility, etc Warner Bros.
260 ## - PUBLICATION, DISTRIBUTION, ETC. (IMPRINT)
Place of publication, distribution, etc Burbank, CA :
Name of publisher, distributor, etc Warner Home Video,
Date of publication, distribution, etc 1997.
300 ## - PHYSICAL DESCRIPTION
Extent 1 videodisc (248 min.) :
Other physical details sd., col. ;
Dimensions 4 3/4 in.
538 ## - SYSTEM DETAILS NOTE
System details note DVD.
546 ## - LANGUAGE NOTE
Language note English, French or Spanish subtitles.
511 1# - PARTICIPANT OR PERFORMER NOTE
Participant or performer note Al Pacino, John Cazale, James Broderick, Charles Durning.
508 ## - CREATION/PRODUCTION CREDITS NOTE
Creation/production credits note Screenplay, Frank Pierson ; producers, Martin Bregman, Martin Elfand ; director, Sidney Lumet.
500 ## - GENERAL NOTE
General note Originally released as a motion picture in 1975 by Warner Brothers.
520 ## - SUMMARY, ETC.
Summary, etc Based on actual events that took place one hot August afternoon in 1972, the movie recreates the incredible circumstances surrounding an ill-fated Brooklyn bank robbery attempt.
500 ## - GENERAL NOTE
General note Special features: Side A contains standard version (124 min.). Side B contains widescreen version (124 min.).
650 #0 - SUBJECT ADDED ENTRY--TOPICAL TERM
Topical term or geographic name as entry element Bank robberies
Geographic subdivision New York (State)
-- New York
Form subdivision Drama.
9 (RLIN) 5801613
650 #7 - SUBJECT ADDED ENTRY--TOPICAL TERM
Topical term or geographic name as entry element Robos bancarios
Geographic subdivision Nueva York (Estado)
-- Nueva York
Form subdivision Teatro.
Source of heading or term bidex
9 (RLIN) 6506696
655 #0 - INDEX TERM--GENRE/FORM
Genre/form data or focus term Feature films.
9 (RLIN) 6167912
655 #0 - INDEX TERM--GENRE/FORM
Genre/form data or focus term Video recordings for the hearing impaired.
9 (RLIN) 6167913
700 1# - ADDED ENTRY--PERSONAL NAME
Personal name Pacino, Al,
Dates associated with a name 1940-
9 (RLIN) 23737
700 1# - ADDED ENTRY--PERSONAL NAME
Personal name Cazale, John,
Dates associated with a name 1936-1978.
9 (RLIN) 65853
700 1# - ADDED ENTRY--PERSONAL NAME
Personal name Broderick, James.
9 (RLIN) 24503
700 1# - ADDED ENTRY--PERSONAL NAME
Personal name Durning, Charles,
Dates associated with a name 1923-
9 (RLIN) 24525
700 1# - ADDED ENTRY--PERSONAL NAME
Personal name Pierson, Frank R.
9 (RLIN) 33096
700 1# - ADDED ENTRY--PERSONAL NAME
Personal name Bregman, Martin,
Dates associated with a name 1926-
9 (RLIN) 23736
700 1# - ADDED ENTRY--PERSONAL NAME
Personal name Elfand, Martin.
9 (RLIN) 63632
700 1# - ADDED ENTRY--PERSONAL NAME
Personal name Lumet, Sidney,
Dates associated with a name 1924-
9 (RLIN) 6328
710 2# - ADDED ENTRY--CORPORATE NAME
Corporate name or jurisdiction name as entry element Warner Bros.
9 (RLIN) 12114
710 2# - ADDED ENTRY--CORPORATE NAME
Corporate name or jurisdiction name as entry element Warner Home Video (Firm)
9 (RLIN) 61103
938 ## -
-- Baker and Taylor
-- BTCP
-- be2002003541
942 ## - ADDED ENTRY ELEMENTS (KOHA)
Koha item type DVD
994 ## -
-- C0
-- UINTA
998 ## - LOCAL CONTROL INFORMATION (RLIN)
-- a97863
Holdings
Withdrawn status Lost status Source of classification or shelving scheme Damaged status Not for loan Collection code Home library Current library Shelving location Date acquired Source of acquisition Cost, normal purchase price Total Checkouts Total Renewals Full call number Barcode Date last seen Date checked out Cost, replacement price Price effective from Koha item type
    Dewey Decimal Classification     Movies Wasatch County Library Wasatch County Library Audio Visual Area 03/14/2012 Amazon 15.95 24 2 DVD Dog 34301001065442 07/14/2025 07/07/2025 15.95 03/20/2020 DVD
This project was made possible through a grant from the Institute of Museum and Library Service administered by the Utah State Library Division.

Wasatch County Library

  • 465 East 1200 South, Heber City, Utah 84032
  • Phone 435-654-1511 | Fax 435-654-6456

Hours

  • Monday - Friday 9:30 AM - 8:00 PM
  • Saturday 9:30 AM - 1:30 PM
  • Closed Sundays and Holidays